000 00539nam a2200193Ia 4500
003 IN-BaIIA
008 211028s9999 xx 000 0 eng d
040 _cIIA Library
080 _a52-77
_bLOV
100 _aLovell, Bernard
_92935
245 0 _aRadio astronomy
_cBernard Lovell and J.A. Clegg.
260 _aNew York
_bJohn Wiley & Sons
_c1952
300 _a238p.
650 _aAstronomy and Astrophysics Thesaurus
650 _aRadar Astronomy
_92936
650 _aRadio Astronomy
_92849
700 _aClegg, J. A.
_92937
942 _cBK
999 _c1444
_d1444